Países mas en el sur de cada continente - Estadísticas

Estadísticas generales
  • Esta prueba ha sido intentada 41 veces
  • La puntuación promedio es 24 de 30
Estadísticas de respuestas
Hint País % Correcto
Sudamérica Argentina
97%
Sudamérica Chile
97%
Oceanía Nueva Zelanda
97%
África Sudáfrica
97%
Sudamérica Paraguay
95%
Sudamérica Uruguay
95%
Oceanía Australia
92%
Sudamérica Bolivia
92%
África Lesoto
92%
Europa España
89%
Asia Indonesia
89%
Europa Italia
89%
Europa Malta
89%
Europa Grecia
86%
Norteamérica Panamá
81%
África Esuatini
78%
Asia Malasia
76%
África Namibia
76%
Norteamérica Costa Rica
70%
Oceanía Fiyi
70%
Oceanía Vanuatu
70%
Asia Timor Oriental
68%
Oceanía Tonga
68%
Norteamérica Trinidad y Tobago
68%
Europa Albania
65%
África Botsuana
65%
Norteamérica Granada
65%
Asia Singapur
65%
Norteamérica Nicaragua
62%
Asia Maldivas
59%
No se encontraron pruebas coincidentes
Distribución de puntuación
Porcentaje de gente con cada puntuación
Porcentaje por número respondido
Historial de tus puntuaciones
No has intentado esta prueba.